Paulo Freire: contribuciones para la pedagogía /

No caben dudas de que la interacción generacional constructiva es un proceso necesario, especialmente en el caso de América Latina, que vive momentos en los que cobran fuerza movimientos sociales con propuestas integradoras. En tales condiciones, resulta oportuno el análisis contextualizado del diál...

Disgrifiad llawn

Wedi'i Gadw mewn:
Manylion Llyfryddiaeth
Prif Awdur: Gadotti, Moacir
Awduron Eraill: Comp. Gomez, Margarita Victoria Comp. Mafra, Jason Comp. Fernandes de Alencar, Anderson Comp
Fformat: Texto
Cyhoeddwyd: Buenos Aires: CLACSO
Pynciau:
Tagiau: Ychwanegu Tag
Dim Tagiau, Byddwch y cyntaf i dagio'r cofnod hwn!

MARC

LEADER 00000 a a2200000 04500
001 38028
003
040
020 |a 978-987-1183-81-4  
090 |a 0003 G589p  
100 |a Gadotti, Moacir  
245 |a Paulo Freire: contribuciones para la pedagogía /  |c Moacir Gadotti 
260 |a Buenos Aires:   |b CLACSO  
300 |a 351 p.  
520 |a No caben dudas de que la interacción generacional constructiva es un proceso necesario, especialmente en el caso de América Latina, que vive momentos en los que cobran fuerza movimientos sociales con propuestas integradoras. En tales condiciones, resulta oportuno el análisis contextualizado del diálogo intergeneracional y su pertinencia como espacio para la creación y el fomento de propuestas alternativas al neoliberalismo en la región. Se trata de concebir el encuentro entre generaciones como un intercambio que rompa el estanco reflexivo que deviene de las múltiples influencias bancarias, y que al mismo tiempo el espacio fertilice propuestas construidas en conjunto, entre actores asignados pro la marca de su tiempo. Con todo esto la autora toca aspectos específicos como: el concepto de generación y sus implicaciones para el diálogo intergeneracional una panorámica de los temas y formas que asumen las experiencias de diálogo intergeneracional un acercamiento al diálogo en la obra de Paulo Freire  
650 |a EDUCACION  
650 |a AMERICA LATINA  
700 |a Comp.   |a Gomez, Margarita Victoria   |a Comp.   |a Mafra, Jason   |a Comp.   |a Fernandes de Alencar, Anderson   |a Comp.  
999 |c 12077  |d 12077